<?xml version="1.0" encoding="UTF-8"?><?xml-stylesheet type="text/xsl" href="static/style.xsl"?><OAI-PMH xmlns="http://www.openarchives.org/OAI/2.0/" xmlns:xsi="http://www.w3.org/2001/XMLSchema-instance" xsi:schemaLocation="http://www.openarchives.org/OAI/2.0/ http://www.openarchives.org/OAI/2.0/OAI-PMH.xsd"><responseDate>2026-06-01T16:07:53Z</responseDate><request verb="GetRecord" identifier="oai:riuma.uma.es:10630/8360" metadataPrefix="marc">https://riuma.uma.es/rest/oai/request</request><GetRecord><record><header><identifier>oai:riuma.uma.es:10630/8360</identifier><datestamp>2026-02-03T12:28:19Z</datestamp><setSpec>com_10630_2254</setSpec><setSpec>col_10630_37959</setSpec></header><metadata><record xmlns="http://www.loc.gov/MARC21/slim" xmlns:dcterms="http://purl.org/dc/terms/" xmlns:doc="http://www.lyncode.com/xoai" xmlns:xsi="http://www.w3.org/2001/XMLSchema-instance" xsi:schemaLocation="http://www.loc.gov/MARC21/slim http://www.loc.gov/standards/marcxml/schema/MARC21slim.xsd">
   <leader>00925njm 22002777a 4500</leader>
   <datafield ind2=" " ind1=" " tag="042">
      <subfield code="a">dc</subfield>
   </datafield>
   <datafield ind2=" " ind1=" " tag="720">
      <subfield code="a">Fernández-Berrocal, Pablo</subfield>
      <subfield code="e">author</subfield>
   </datafield>
   <datafield ind2=" " ind1=" " tag="260">
      <subfield code="c">2014-11-05</subfield>
   </datafield>
   <datafield ind2=" " ind1=" " tag="520">
      <subfield code="a">La Inteligencia Emocional se concibe como un conjunto de habilidades, tanto básicas como complejas, dirigidas a “unificar las emociones y el razonamiento”, esto es, usar las emociones para facilitar el razonamiento y los procesos de pensamiento, y usar nuestro razonamiento para pensar de forma inteligente acerca de nuestras emociones (Mayer y Salovey, 1997).&#xd;
 En concreto, la IE se define como una habilidad mental que incluye “la capacidad para percibir, valorar y expresar las emociones con exactitud; la capacidad para acceder y generar sentimientos que faciliten el pensamiento; la capacidad para entender la emoción y el conocimiento emocional; y la capacidad para regular las emociones y promover el crecimiento emocional e intelectual” (Mayer y Salovey, 1997, p.10). De esta definición se extraen los componentes principales de la IE, cuatro ramas diferentes que se relacionan de forma jerárquica.&#xd;
En esta comunicación nos centraremos en cómo nuestra capacidad para comprender emocionalmente a los demás y regular nuestras emociones de forma eficaz puede ayudarnos a afrontar momentos de crisis tanto colectivos como personales.</subfield>
   </datafield>
   <datafield ind1="8" ind2=" " tag="024">
      <subfield code="a">http://hdl.handle.net/10630/8360</subfield>
   </datafield>
   <datafield ind1="8" ind2=" " tag="024">
      <subfield code="a">0000-0002-0844-2976</subfield>
   </datafield>
   <datafield tag="653" ind2=" " ind1=" ">
      <subfield code="a">Inteligencia emocional</subfield>
   </datafield>
   <datafield ind2="0" ind1="0" tag="245">
      <subfield code="a">Inteligencia Emocional para tiempos de crisis</subfield>
   </datafield>
</record>
</metadata></record></GetRecord></OAI-PMH>